00576nam a22001937a 450000500170000001000140001702000230003102000180005403500130007203700130008508200120009810000150011024501120012526000350023727000420027230000280031470000180034270000220036020100724151254.0 aENG-96673 a8122007414c295.00 a9798122007410 aEN-80206 bDBAD/PUB a338.954 aLouw, Leon aHabits of highly effective countries:bLessons for india /cBy Leon Louw, Bibek Debroy and Laveesh Bhandari aDelhibKonark Publishersc2008 aA-149, Main vikas margbDelhie110092 axii, 155p.c22cm. (pbk) aDebroy, Bibek aBhandari, Laveesh